MDQL
is popping MORE tags! Check the
thread
!
Quizzes
Events
Quiz Creation
Community
Videos
Private Events
Remove Ads
Sign In
Join for FREE
Feedback
Dark Mode
Quiz Categories
Sports
Geography
Music
Movies
Television
Just For Fun
Miscellaneous
History
Literature
Language
Science
Gaming
Entertainment
Religion
Holiday
For Kids
Quiz Lab
Recent
Popular Today
Quiz Kudos Today
Editor Picks
Curator Picks
Quizzes by...
Day
Popularity
Type
Ratings
Length
Year
Community
Subscriptions
Recent Discussions
Orange Saloon
Badges
Playlists
Quests
Create
Leaderboards
Showdown
Live 5
Trivia Bingo
Activity
Puzzle Library
Sporcle Events
Private Events
Virtual Trivia
Globe League
Become a Host
Pub Owners
SporcleCon
Opinionation
Our Games
Videos
Blog
Mobile Apps
Partnerships
Remove Ads and Go Orange
Feedback
Sports
Athletes
MLB
NBA
NHL
NFL
Soccer
Sports Teams
WWE
NCAA
Football
Premier League
Basketball
Baseball
Hockey
Golf
Tennis
Cricket
Rugby
Auto Racing
Olympics
World Cup
Sports
Athletes
MLB
NBA
NHL
NFL
Soccer
Sports Teams
WWE
NCAA
Football
Premier League
Basketball
Baseball
Hockey
Golf
Tennis
Cricket
Rugby
Auto Racing
Olympics
World Cup
Random Quiz
Search Sporcle
×
Quiz Lab
Quiz Lab
Sports
Winner
Type in answers that appear in a list
Type in answers that appear in a list
Classic
Best Score? Go Orange.
80's Heisman Winners Stats
Can you name the 80's Heisman Winners?
By
Donrell
5m
10 Questions
178 Plays
178 Plays
178 Plays
Comments
Comments
Give Quiz Kudos
Give Quiz Kudos
-
- Ratings
hide this ad
Replay
Link that replays current quiz
Next Quiz
Link to next quiz in quiz playlist
You Got
0%
They Got
Avg Score
98%
Avg Friend Score
Upgrade to see
Score Distribution
Jump to the score distribution portion of the page
Score
0/10
Timer
05:00
0
Plays Today
Year & School
Player
% Correct
1988 Oklahoma State
Barry Sanders RB
100%
1987 Notre Dame
Tim Brown WR
99.4%
1986 Miami
Vinny Testaverde QB
99.4%
1985 Auburn
Bo Jackson RB
99.4%
1984 Boston College
Doug Flutie QB
99.4%
1989 Houston
Andre Ware QB
98.9%
1981 Southern California
Marcus Allen RB
98.9%
1983 Nebraska
Mike Rozier RB
97.8%
1982 Georgia
Herschel Walker RB
97.8%
1980 South Carolina
George Rogers RB
96.1%
Quiz Playlist
Details
Report
Send in Message
Add To Playlist
Classic:
Type in answers that appear in a list
Last Updated: Feb 16, 2017
Quiz Scoreboard
CHALLENGE
Sign Up to Join the Scoreboard
Show All
Scores
Hide
Comments
May contain spoilers
Recently Published
5x2 Blitz: Bands
by SL_Kpop136
Music
30s
Colored Red Africa Blitz
by spor1
Geography
30s
Find the 'City' Movie
by crazypaving
Movies
60s
More to Explore
Quiz From the Vault
Featured Blog Post
14 Easter Pick-up Lines to Find Eggs With
hide this ad
You Might Also Like...
Tags
Heisman Trophy
Player
school
Winner
Today's Top Quizzes in Sports
Browse Sports
hide this ad
Today's Top Quizzes in Winner
Browse Winner
Top Contributed Quizzes in Sports
1
Players with Multiple 50 Home Run Seasons
2
Criteria MLB: Left Handed Sluggers
3
MLB Players with Two .350 Batting Average Seasons
4
Who Hit More Homers?
5
Premier League Clubs since 2000 (minefield)
6
Who Needs Fielders?
7
2020 F1 Drivers Logic Puzzle
8
Les entraîneurs de l'OM et du PSG au 21e siècle
9
Top 10 NHL Goal Scorers of All Time
10
MLB Hall of Famer by Rings
Explore More
Trending Topics
Crossword
Disney
Marvel
Kpop
Harry Potter
Anime
NBA
Soccer
Song
Country
The Office
WWE
NFL
Puzzle
Pokémon
hide this ad
More By:
Donrell
Quiz
Plays
Rating
Category
Featured
Created
Name that Group
1,045
3.00
Music
Oct 26, 2009
80's Heisman Winners
178
1.00
Sports
Oct 28, 2009
Greenville, USA
170
1.67
Geography
Oct 26, 2009
90's Heisman Winners
76
1.00
Sports
Oct 28, 2009
Go to Creator's Profile
Score Distribution
Quiz Creator Spotlight
Donrell
Follow
Send a Message
Quizzes Created
-
Created Quiz Play Count
-
More By This Creator
Popular Quizzes Today
1
Find the 'City' Movie
2
Colored Red Africa Blitz
3
Find the US States - No Outlines Minefield
4
5x2 Blitz: Bands
5
The Countries of the World
6
Find the US States
7
US States
8
9x9 Crossword: Cartoon Network
More Sports Quizzes
F1 Last Time Winners by Season 1950-2023
Curator's Pick
Trending Quizzes
Colored Red Europe Blitz I
Colored Red Africa Blitz II
Colored Red Europe Blitz II
Colored Red Europe Blitz III
Colored Red Africa Blitz III
Recently Updated
Famous TV Couples
Peacemaker
Champions League XIs: Real Madrid
pecheneg
Largest US Cities 1790-2010
pecheneg
Rides in Walt Disney World
pecheneg
Most Oscar Losses (Acting)
pecheneg
Beyoncé Albums
pecheneg
Leaping Animals
pecheneg
Reality TV Shows (A-Z)
bhenderson79
Rickey Henderson's Hall of Fame Teammates
pecheneg
Champions League XIs: Arsenal
pecheneg
Trending Topics
Marvel
Anime
NBA
Kpop
Disney
Crossword
Harry Potter
WWE
Soccer
Country
Puzzle
The Office
NFL
Pokémon
Song
Your Account Isn't Verified!
In order to create a playlist on Sporcle, you need to verify the email address you used during registration. Go to your
Sporcle Settings
to finish the process.
Report this User
Report this user for behavior that violates our
Community Guidelines
.
Details:
Send Report
Go to the Sporcle.com Mobile Site →
Comments